Spoločensko-ekonomické equilibrium ako záruka dlhodobo udržateľného rozvoja

Niektoré kľúčové podmienky a predpoklady dosiahnutia spoločensko-ekonomického equilibria.

Gespeichert in:
Bibliographische Detailangaben
1. Verfasser: Ivanová, Pavlína
Format: Buchkapitel
Sprache:Slowakisch
Schlagworte:
Tags: Tag hinzufügen
Keine Tags, Fügen Sie das erste Tag hinzu!

MARC

LEADER 00000nla$a2200000$$$4500
001 0123647
005 20240502072408.2
041 0 |a slo 
044 |a SK 
245 1 0 |a Spoločensko-ekonomické equilibrium ako záruka dlhodobo udržateľného rozvoja  |c Pavlína Ivanová 
520 |a Niektoré kľúčové podmienky a predpoklady dosiahnutia spoločensko-ekonomického equilibria. 
610 2 0 |a rovnováha hospodárska 
610 2 0 |a teória rovnováhy ekonomickej 
100 1 |a Ivanová, Pavlína